00701cam a22002172 4500001001100000005001700011008004100028040001500069110007100084245004400155250001900199260002600218300002000244500002400264650003600288852001400324908001100338950000600349999001500355952011300370000001322220151217152124.0090706s xx 000 0 eng d aKABUcKABU2 aInternational Community of Women Living with HIV/AIDS.@000017037712aA Positive woman's survival kit /cICW. a1stLondon ed. aLondon :bICW,c1999. a46 p. ;c cm. aWith 9 Fact Sheets. 0aHIV-positive women.@00001703781 9p1000 KES a090706 @1 c8489d8489 00102lcc70aKABUbKABUd2015-12-17l0oHV644 .A25P68 1999 c. 1p17923r2015-12-17 00:00:00w2015-12-17yBK